The poet at the breakfast-table / (Record no. 155521)

MARC details
000 -LEADER
campo de control de longitud fija 00872nam a22002415i 4500
001 - NÚMERO DE CONTROL
campo de control 155521
003 - IDENTIFICADOR DE NÚMERO DE CONTROL
campo de control ES-MaACL
005 - FECHA Y HORA DE LA ÚLTIMA TRANSACCIÓN
campo de control 20230906210118.0
008 - DATOS DE LONGITUD FIJA--INFORMACIÓN GENERAL
campo de control de longitud fija 040721q18821885xxk |||| | eng d
040 ## - FUENTE DE CATALOGACIÓN
Centro catalogador/agencia de origen CAM
Lengua de catalogación spa
Centro/agencia transcriptor CAM
100 1# - ENTRADA PRINCIPAL--NOMBRE DE PERSONA
Nombre de persona Holmes, Oliver Wendell.
9 (RLIN) 64060
245 14 - MENCIÓN DEL TÍTULO
Título The poet at the breakfast-table /
Mención de responsabilidad, etc. by Oliver Wendell Holmes.
260 ## - PUBLICACIÓN, DISTRIBUCIÓN, ETC.
Lugar de publicación, distribución, etc. London :
Nombre del editor, distribuidor, etc. George Routledge & Sond ;
Lugar de publicación, distribución, etc. New York :
Nombre del editor, distribuidor, etc. E.P. Dutton & Co. (
Fabricante Richard Clay & Sons)
300 ## - DESCRIPCIÓN FÍSICA
Extensión 292 p. ;
Dimensiones 16 cm.
490 1# - MENCIÓN DE SERIE
Mención de serie The new universal library
490 1# - MENCIÓN DE SERIE
Mención de serie The works of Oliver Wendell Holmes ;
Designación de volumen o secuencia 2
752 ## - ENTRADA AGREGADA--NOMBRE JERÁRQUICO DEL LUGAR
País o entidad superior Gran Bretaña -
Jurisdicción política intermedia Londres
752 ## - ENTRADA AGREGADA--NOMBRE JERÁRQUICO DEL LUGAR
País o entidad superior Estados Unidos de América -
Jurisdicción política intermedia Nueva York
830 0# - PUNTO DE ACCESO ADICIONAL DE SERIE-TÍTULO UNIFORME
Título uniforme The new universal library
9 (RLIN) 187927
830 0# - PUNTO DE ACCESO ADICIONAL DE SERIE-TÍTULO UNIFORME
Título uniforme The works of Oliver Wendell Holmes ;
Designación de volumen o secuencia 2
9 (RLIN) 221570
852 ## - LOCALIZACIÓN
Ubicación ES-MaACL
Número de control de estantería G-14917
Nota libre -- Enc. tela
Holdings
Estatus retirado Estado de pérdida Estado de daño No para préstamo Biblioteca de origen Biblioteca actual Ubicación en estantería Fecha de adquisición Fuente de adquisición Total de préstamos Signatura topográfica completa Código de barras Visto por última vez Precio de reemplazo Tipo de ítem Koha
        Biblioteca del Ateneo de Madrid Biblioteca del Ateneo de Madrid Sala Pecera Planta 3 17/01/2008     G-14917 1162679 23/02/2023 23/02/2023 Libro impreso